1331 1407 1211 1369 1422 1282 1308 1080 1374 1931 1282 1153 1195 1450 1208 1980 1712 1490 1750 1048 1332 1225 1770 1901 1588 1165 1393 1004 1214 1924 1524 1962 1289 1158 1310 1211 1537 1283 1742 1451 1014 1200 1936 1997 1661 1571 1822 1420 1984 1149 1785 1937 1797 1629 1402 1868 1697 1824 1273 1781 1740 1117 1884 1672 1115 1160 1181 1222 1315 1515 1933 1134 1450 1261 1778 1657 1393 1078 1311 1143 1571 1327 1400 1730 1401 1433 1628 1963 1526 1802 1264 1822 1232 1935 1650 1970 1380 1973 1846 BCNSPRNW ULIB Ver.6.0+V

เปลี่ยนเป็นภาษาไทย

Change to English
 แสดงรายละเอียดบรรณานุกรม
  กลับหน้าหลัก

Brief Record : Get Marc (ISO 2709) : E-mail record : QR code < ปิดหน้าต่าง
LEADER : 00000nam 2200000uu 4500
001    13399127748
003     ULIB
008    210518s2557||||th 000 0 tha d
020    ู^a9786163693365
050    ^aนว^bซ119ม^cล.8
100    ^aซ็อลบง
245    ^aมหากาพย์เทพมรณะ เล่ม 8
250    ^aพิมพ์ครั้งที่ 1
260    ^aกรุงเทพฯ :^bสยามอินเตอร์บุ๊คส์,^c2557
300    ^a221 หน้า;^b21 ซม.
650    ^aนวนิยาย
945    ^p200^l0^i008059
999    ^aประนอม เกษจรัล
รายการนี้ยังไม่มีแท็ก
คุณยังไม่ได้ล็อกอิน คุณสามารถมีกิจกรรมร่วมกับเว็บไซต์ได้ แต่ต้องล็อกอินก่อน ::
  ล็อกอิน

รายการสื่อสารสนเทศ

ลำดับที่ ประเภท เลขเรียก/บาร์โค้ด สถานที่ สถานะ
1. นวนิยาย
นวนิยาย
นว ซ119ม ล.8 ฉ.1 
  Barcode: 008059
ห้องสมุดวิทยาเขตนครสวรรค์
►นวนิยาย:l:Fiction
บนชั้น
Note:บริจาค

รายการใกล้เคียง
    ผู้แต่ง [ซ็อลบง]

    หัวเรื่อง [นวนิยาย]

BibComment


ยังไม่เคยถูกคอมเมนท์

คอมเมนท์ทรัพยากรรายการนี้
  คอมเมนท์: มหากาพย์เทพมรณะ ..


 Copyright 2026. Bcnsprnw @Library